000 01518cam a2200421 a 4500
001 14309798
003 PILC
005 20160112143706.0
008 060322s2006 nyua j 000 1 eng
010 _a 2006009849
020 _a043978204X
020 _a9780439782043
035 _a(OCoLC)ocm69104220
035 _a(OCoLC)69104220
040 _aDLC
_cDLC
_dIG#
_dBAKER
_dIEF
_dBTCTA
_dDLC
041 1 _aeng
_hger
042 _alcac
_alcac
050 0 0 _aPZ 7 .F982 2006
082 0 0 _aFIC
_bF95 2006
100 1 _aFunke, Cornelia Caroline.
_917287
240 1 0 _aAls der Weihnachtsmann vom Himmel fiel.
_lEnglish
245 1 0 _aWhen santa fell to earth
_cCornelia Funke ; translated by Oliver G. Latsch ; illustrated by Paul Howard.
250 _a1st American ed.
260 _aNew York :
_bScholastic,
_cc2006.
300 _a164 p. :
_bill. ;
_c19 cm.
650 0 _aSanta Claus
_vJuvenile fiction.
_917288
650 1 _aSanta Claus
_vFiction.
_917289
650 1 _aChristmas
_vFiction.
_917290
700 1 _aLatsch, Oliver.
_917291
700 1 _aHoward, Paul,
_d1967-
_eill.
_917292
856 4 2 _3Publisher description
_uhttp://www.loc.gov/catdir/enhancements/fy1116/2006009849-d.html
906 _a7
_bcbc
_corignew
_d1
_eecip
_f20
_gy-gencatlg
942 _2lcc
_cBK
999 _c10692
_d10692